00177nam a2200061Ia 4500245002400000100005000024008004100074 0aSterre vir Paulien  a GRIESSEL, Nita Pretoria, 2002 1ste druk 210817s9999 xx 000 0 und d